| 000 | 00813nam a2200205 i 4500 | ||
|---|---|---|---|
| 001 | 30690 | ||
| 003 | ES-MaACL | ||
| 005 | 20230906154234.0 | ||
| 007 | t| | ||
| 008 | 030127s1919 sp ||||1| spa d | ||
| 100 | 1 |
_aBeltrán y Rózpide, Ricardo. _927381 |
|
| 245 | 1 | 0 |
_aNuevas nacionalidades en Europa _b: estudio geográfico-político con un mapa / _cRicardo Beltrán y Rózpide. |
| 250 | _a2ª ed. | ||
| 260 |
_aMadrid : _b[s.n.], _c1919 ( _fImp. del Patronato de Huérfanos de Intendencia é Intervención Militares) |
||
| 300 |
_a74 p. : _b1 mapa ; _c23 cm. |
||
| 650 | 4 |
_aGuerra mundial, 1914-1918- _xCuestiones territoriales. _9151885 |
|
| 651 | 4 |
_aEuropa- _xGeografia política. _9151886 |
|
| 710 | 2 |
_aPatronato de Huérfanos de Intendencia e Intervención Militares. _96172 |
|
| 852 |
_aES-MaACL _jF-2286 |
||
| 999 |
_c30690 _d30690 |
||